F1 Podiums 2009 - Statistics

General Stats
  • This quiz has been taken 578 times
  • The average score is 12 of 15
Answer Stats
Answer % Correct
Jenson Button
99%
Lewis Hamilton
98%
Sebastian Vettel
97%
Fernando Alonso
94%
Mark Webber
94%
Felipe Massa
90%
Rubens Barrichello
89%
Kimi Raikkonen
88%
Robert Kubica
74%
Nico Rosberg
69%
Giancarlo Fisichella
67%
Jarno Trulli
66%
Nick Heidfeld
65%
Timo Glock
56%
Adrian Sutil
38%
No matching quizzes found
Score Distribution
Percent of People with Each Score
Percentile by Number Answered
Your Score History
You have not taken this quiz